The Lord of the Rings - The Return of the King Quotes - Statistics

General Stats
  • This quiz has been taken 1,384 times
  • The average score is 13 of 15
Answer Stats
Hint Answer % Correct
Never thought I'd die fighting side by side with an ...... elf
99%
That still only counts as .......! one
95%
Then let us be rid of it! Once and for all! Come on Mr. Frodo. I can't ..... it for you! But I can ...... you! Come on! carry
94%
Now is the hour! Riders of ........! Oaths you have taken, now fulfill them all, to lord and land! rohan
94%
But we have the ....... Wizard. That's got to count for something. white
94%
What say .....? What say ......? I am Isildur's heir. Fight for me. And I will hold your oaths fulfilled. What say .....? you
91%
The way is shut. It was made by those who are ......, and the ...... keep it. The way is shut. dead
88%
Fool of a .......! took
88%
You wish now that our places had been exchanged that I had died and ........ had lived. boromir
86%
From the ashes, a fire shall be woken. A light from the shadow shall spring. Renewed shall be blade that was ......... The crownless again shall be king. broken
85%
Tell me, why should we ride to the aid of those who did not come to ours? What do we owe ........? gondor
85%
No tomb for Denethor and Faramir. No long, slow sleep of death embalmed. We shall burn, like the heathen kings of old. Bring wood and ..... oil
85%
Certainty of death. Small chance of ........ What are we waiting for? success
72%
Three days ride, as the ........ flies, and you'd better hope we don't have one of those on our tail. nazgul
69%
The stars are veiled. Something stirs in the East. A sleepless malice. The eye of the enemy is moving. He is ...... here
49%
No matching quizzes found
Score Distribution
Percent of People with Each Score
Percentile by Number Answered
Your Score History
You have not taken this quiz